Eastern Utah Libraries Catalog: Duchesne, Heber, Roosevelt, & Vernal

Mercedes and the Chocolate Pilot : A True Story of the Berlin Airlift and the Candy That Dropped from the Sky (Record no. 38109)

MARC details
000 -LEADER
fixed length control field 00736cam a2200205u 4500
005 - DATE AND TIME OF LATEST TRANSACTION
control field 20241220115001.0
008 - FIXED-LENGTH DATA ELEMENTS--GENERAL INFORMATION
fixed length control field 080430n xx# eng d
001 - CONTROL NUMBER
control field BK0003849383
020 ## - INTERNATIONAL STANDARD BOOK NUMBER
International Standard Book Number 9781585360697 : HRD
Terms of availability $17.95
020 ## - INTERNATIONAL STANDARD BOOK NUMBER
International Standard Book Number 1585360694 : HRD
Terms of availability $17.95
035 ## - SYSTEM CONTROL NUMBER
System control number (Sirsi) i9781585360697
040 ## - CATALOGING SOURCE
Original cataloging agency Baker & Taylor
Transcribing agency Baker & Taylor
Modifying agency Baker & Taylor
092 ## - LOCALLY ASSIGNED DEWEY CALL NUMBER (OCLC)
Classification number RAV
100 1# - MAIN ENTRY--PERSONAL NAME
Personal name Raven, Margot Theis; Van Frankenhuyzen, Gijsbert (ILT)
9 (RLIN) 6158879
245 00 - TITLE STATEMENT
Title Mercedes and the Chocolate Pilot : A True Story of the Berlin Airlift and the Candy That Dropped from the Sky
260 ## - PUBLICATION, DISTRIBUTION, ETC. (IMPRINT)
Name of publisher, distributor, etc Sleeping Bear Pr
600 10 - SUBJECT ADDED ENTRY--PERSONAL NAME
Personal name Raven, Margot Theis; Van Frankenhuyzen, Gijsbert (ILT)
9 (RLIN) 6158879
942 ## - ADDED ENTRY ELEMENTS (KOHA)
Koha item type BOOK
998 ## - LOCAL CONTROL INFORMATION (RLIN)
-- a84624
Holdings
Withdrawn status Lost status Source of classification or shelving scheme Damaged status Not for loan Collection code Home library Current library Shelving location Date acquired Source of acquisition Cost, normal purchase price Total Checkouts Total Renewals Full call number Barcode Date last seen Date checked out Cost, replacement price Price effective from Koha item type
    Dewey Decimal Classification     Children NonFiction Wasatch County Library Wasatch County Library Main Floor Childrens Area 07/28/2012 Amazon 17.95 22 7 E Biography Sim 34301001113754 03/14/2025 07/15/2024 17.95 03/20/2020 BOOK
This project was made possible through a grant from the Institute of Museum and Library Service administered by the Utah State Library Division.

Wasatch County Library

  • 465 East 1200 South, Heber City, Utah 84032
  • Phone 435-654-1511 | Fax 435-654-6456

Hours

  • Monday - Friday 9:30 AM - 8:00 PM
  • Saturday 9:30 AM - 1:30 PM
  • Closed Sundays and Holidays